Rappers home city - Statistics

General Stats
  • This quiz has been taken 809 times
  • The average score is 5 of 15
Answer Stats
Rapper City % Correct
Drake Toronto, Ontario, Canada
79%
Ty Dolla $ign Los Angeles, California
78%
Young Thug Atlanta, Georgia
76%
Vic Mensa Chicago, Illinois
70%
Lil Wayne New Orleans, Louisiana
51%
Meek Mill Philadelphia, Pennsylvania
51%
Snoop Dogg Long Beach, California
40%
Big Sean Santa Monica, California
6%
Young Jeezy(Jeezy) Columbia, South Carolina
5%
Emilio Rojas Rochester, New York
4%
Lil B Berkeley, California
3%
Plies Fort Myers, Florida
3%
T-Wayne Abilene, Texas
2%
Big K.R.I.T Meridian, Mississippi
2%
Ace Hood Port St. Lucie, Florida
2%
No matching quizzes found
Score Distribution
Percent of People with Each Score
Percentile by Number Answered
Your Score History
You have not taken this quiz